000 00909nam a2200217Ia 4500
001 9872
003 GE_BSU
008 181216s||||||||xx |||||||||||||| ||und||
040 _cGE_BSU
080 _a821.353.1.09
100 _aნიკოლეიშვილი,ავთანდილ
245 _aმეოცე საუკუნის ქართული ლიტერატურის ისტორიის ნარკვევები.წ.3
245 _cრედ. ლეილა მესხი.მხატვ.სპარტაკ ცინცაძე
260 _aქუთაისი
260 _bმერანი
260 _c2000
300 _a544გვ.20სმ.
541 _h15ლ.
653 _aმეოცე საუკუნის ქართული ლიტერატურის ისტორიის ნარკვევები
942 _cBK
999 _c43151
_d43151